000 00616nam a22001937a 4500
005 20170622131804.0
010 _aENG-118786
020 _a9788123761398
_c60.00
035 _aEN-102318
037 _bDBAD/PUB
082 _a954.0841
100 _aRay, Santimoy
245 _aFreedom movement and Indian Muslims /
_cby Santimoy Ray
260 _aNew Delhi
_bNational Book Trust
_c2011
270 _aNehru Bhawan, 5, Industrial Area, Phase-II Vasant Kunj, New Delhi-110070
300 _axvi,159p
_c22cm.(pbk)
500 _aIncludes bibliographical refrence
942 _2ddc
_cEN
_h954.0841
_mRAY
999 _c141826
_d141826